Violencia criminal y desplazamiento en México /

Gespeichert in:
Bibliographische Detailangaben
1. Verfasser: Albuja, Sebastián
Format: Text
Tags: Tag hinzufügen
Keine Tags, Fügen Sie den ersten Tag hinzu!

MARC

LEADER 00000 a a2200000 04500
001 47645
003
040
100 |a Albuja, Sebastián  
245 |a Violencia criminal y desplazamiento en México /  |c Sebastián Albuja  
773 |g número45, (2014), páginas 28-31  
999 |c 38369  |d 38369